|
|
|
|
| LEADER |
00000nam0a2200000 4500 |
| 001 |
269612 |
| 005 |
20231101234253.0 |
| 035 |
|
|
|a (RuTPU)RU\TPU\book\292789
|
| 090 |
|
|
|a 269612
|
| 100 |
|
|
|a 20140919d1987 m y0rusy5003 ca
|
| 101 |
0 |
|
|a rus
|
| 102 |
|
|
|a UA
|
| 105 |
|
|
|a y j 000zy
|
| 200 |
1 |
|
|a Математический анализ
|e сборник задач
|f А. Я. Дороговцев
|
| 210 |
|
|
|a Киев
|c Вища школа
|d 1987
|
| 215 |
|
|
|a 408 с.
|
| 606 |
1 |
|
|a Математический анализ
|2 stltpush
|3 (RuTPU)RU\TPU\subj\41236
|9 61042
|
| 610 |
1 |
|
|a задачи
|
| 610 |
1 |
|
|a последовательности
|
| 610 |
1 |
|
|a функции
|
| 610 |
1 |
|
|a производные
|
| 610 |
1 |
|
|a интеграл Римана
|
| 610 |
1 |
|
|a ряды
|
| 610 |
1 |
|
|a дифференциальное исчисление
|
| 610 |
1 |
|
|a интегралы
|
| 610 |
1 |
|
|a учебные пособия
|
| 675 |
|
|
|a 517(076)
|z rus
|v 3
|
| 700 |
|
1 |
|a Дороговцев
|b А. Я.
|4 070
|
| 801 |
|
0 |
|a RU
|b RuMRKP
|c 19950704
|g psbo
|
| 801 |
|
1 |
|a RU
|b 63413507
|c 20140919
|
| 801 |
|
2 |
|a RU
|b 63413507
|c 20200825
|g RCR
|
| 942 |
|
|
|c BK
|